01161nam a2200265Ia 4500001000600000003000900006008004100015040001300056040001300069041001300082100001600095100002900111240007000140240003500210245011300245245007500358250001100433260001200444260003400456260004900490300005900539500023100598650003500829650003100864H7426IT-RoPAU130308s9999 xx 000 0 und d aIT-RoPAU cIT-RoPAU aITALIANO aKrebs Viola gCodice Aut. SPICS: 58965 aVISION IN process II. THE WORLD SUMMIT ON THE INFORMATION SOCIETY gCodice Tit. Orig. Spics: T3677 aLaboratorio per nuovi meccanismi (Un). Il volontariato come pietra fondante dell'approccio multi-stakeholder bSaperi del Futuro. Analisi di Donne Sulla Societa' della Comunicazione a1a ed. aBOLOGNA bEditrice Missionaria Italiana c2006 [1° Ed.:2006 - Ed.Ling.Originale:2006] a"14 p. (prefazione: no ; testo: 14 [pagine: 124-137])" aL'Importanza dell'approccio Multi Stakeholder. Una rapida Valutazione del Smsi. Insegnamenti Tratti dal settore del Volontariato, Come I Volontari possono contribuire All'Approccio Multi Stakeholder. Le sfide che ci Attendono. aSAGGI DI COMUNICAZIONE SOCIALE eCodice materia Spics: 3807